| 000 | 01066nam a2200301Ia 4500 | ||
|---|---|---|---|
| 001 | 7818 | ||
| 003 | IT-RoPAU | ||
| 008 | 130308s9999 xx 000 0 und d | ||
| 040 | _aIT-RoPAU | ||
| 040 | _cIT-RoPAU | ||
| 041 | _aITALIANO | ||
| 100 | _aMoscato Alfonso | ||
| 100 | _gCodice Aut. SPICS: 3516 | ||
| 245 | _aIngmar Bergman-La realtà e il suo doppio | ||
| 245 | _bIngmar Bergman-La Realta' e Il suo Doppio | ||
| 250 | _a1a ed. | ||
| 260 | _aROMA | ||
| 260 | _bEdizioni Paoline Fsp | ||
| 260 | _c1981 [1° Ed.:1981 - Ed.Ling.Originale:1981] | ||
| 300 | _a"166 p. (prefazione: no ; testo: 166)" | ||
| 500 | _aMonografia Sul regista profilo biografico e Personalità di Bergman Ricerca di Identità Crisi dell'individuo e della coppia Silenzio di Dio Amore Morte solitudine Visione del Mondo Bergmaniana Espressionismo e Realismo Insorgenza del Sacro Tematiche di Bergman Filmografia di Bergman | ||
| 650 | _aAUTORI/OPERE DEL CINEMA | ||
| 650 | _eCodice materia Spics: 6807 | ||
| 942 | _cBK | ||
| 957 | _71 | ||
| 999 |
_c71561 _d71561 |
||
| 999 | _bSI | ||
| 999 | _g2 | ||